Enterprise resource planning (Record no. 396976)

MARC details
000 -LEADER
fixed length control field 00546 a2200205 4500
005 - DATE & TIME
control field 20260417121514.0
008 - FIXED-LENGTH DATA ELEMENTS--GENERAL INFORMATION
fixed length control field 260417b |||||||| |||| 00| 0 eng d
020 ## - ISBN
International Standard Book Number 9789353167820
Price Rs. 900.00
040 ## - CATALOGING SOURCE
Original cataloging agency VIVEKANANDA LIBRARY
082 ## - DDC NUMBER
Classification number 658.403
Book Number L552E(4)
100 ## - MAIN ENTRY--PERSONAL NAME
Personal name Leon, Alexis
245 ## - TITLE STATEMENT
Title Enterprise resource planning
250 ## - EDITION STATEMENT
Edition statement 4th
260 ## - PUBLICATION, DISTRIBUTION, ETC. (IMPRINT)
Name of publisher, distributor, etc McGraw Hill Education
Date of publication, distribution, etc 2024
Place of publication, distribution, etc Chennai
300 ## - PHYSICAL DESCRIPTION
Pages xx, 504
650 ## - Subject
Subject Management
650 ## - Subject
Subject Information Systems- Management
650 ## - Subject
Subject Enterprise Resource Planning
942 ## - ADDED ENTRY ELEMENTS (KOHA)
Koha item type Books
Holdings
Withdrawn status Lost status Source of classification or shelving scheme Damaged status Not for loan Location (home branch) Sublocation or collection (holding branch) Shelving location Date acquired Koha issues (times borrowed) Koha full call number Accession No. Koha date last seen Koha item type
    Dewey Decimal Classification     VIVEKANANDA LIBRARY VIVEKANANDA LIBRARY IMSAR Library 30/03/2026   658.403 L552E(4) 420972 30/03/2026 Books
    Dewey Decimal Classification     VIVEKANANDA LIBRARY VIVEKANANDA LIBRARY IMSAR Library 30/03/2026   658.403 L552E(4) 420973 30/03/2026 Books
    Dewey Decimal Classification     VIVEKANANDA LIBRARY VIVEKANANDA LIBRARY IMSAR Library 30/03/2026   658.403 L552E(4) 420971 30/03/2026 Books
    Dewey Decimal Classification     VIVEKANANDA LIBRARY VIVEKANANDA LIBRARY IMSAR Library 30/03/2026   658.403 L552E(4) 420969 30/03/2026 Books
    Dewey Decimal Classification     VIVEKANANDA LIBRARY VIVEKANANDA LIBRARY IMSAR Library 30/03/2026   658.403 L552E(4) 420970 30/03/2026 Books
© Designed and Maintained by Vivekananda Library, MDU Rohtak